Wszystkie mecze reprezentacji Polski z afrykańskimi reprezentacjami - Statystyki

Ogólne statystyki
  • Ten quiz został rozwiązany 324 razy
  • Średni wynik to 19 z 22
Statystyki odpowiedzi
Miejsce
meczu
rok gole
Polski
gole
afrykańskiej
reprezentacji
Afrykańska
reprezentacja
% Poprawnych
Moskwa 2018 1 2 Senegal
97%
Kair 1991 0 4 Egipt
96%
Kair 1991 0 0 Egipt
96%
Casablanca 1962 3 1 Maroko
93%
Chorzów 1962 1 1 Maroko
93%
Norymberga 1972 6 0 Maroko
93%
Marrakesz 1980 0 1 Maroko
93%
Monterrey 1986 0 0 Maroko
93%
Johannesburg 2009 0 1 RPA
91%
Warszawa 2012 1 0 RPA
91%
Algier 1979 1 0 Algieria
89%
Kraków 1980 5 1 Algieria
89%
Rzym 1960 6 1 Tunezja
85%
Rosario 1978 1 0 Tunezja
85%
Tunis 1985 0 1 Tunezja
85%
Wrocław 2018 0 1 Nigeria
84%
La Coruna 1982 1 1 Kamerun
83%
Poznań 2001 0 0 Kamerun
83%
Szczecin 2010 0 3 Kamerun
83%
Poznań 2010 3 1 WKS
79%
Ratyzbona 1972 4 0 Ghana
76%
Słupsk 1979 5 0 Libia
57%
Nie znaleziono quizów pasujących do podanych kryteriów
Rozkład punktacji
Procent ludzi z każdym wynikiem
Percentyl według liczby udzielonych odpowiedzi
Twoja historia wyników
Nie rozwiązałeś tego quizu